01031 2200361 4500001002100000005001500021035002000036007000300056040001700059100003200076245004800108250001300156300004400169020001800213041000800231082001000239084001600249090002300265264003800288336002100326337003000347338002300377650002200400700004700422850001000469008004100479504002500520500002800545990001800573990002600591990002600617990002600643INLIS00000000000481820260516112033 a0010-0122000450ta aSBPUPADbind0 aSunarto ZulkifliePengarang1 aPanduan Praktis Transaksi Perbankan Syariah a.-Cet. 3 axviii, 208 Hal. :billus. ;c15 x 23 cm a979-9140-26-9 aind a2X6.3 a2X6.3 SUN p a2X9.1 MHD n 2 R 19 a.--Jakarta :bZikrul Hakim,c2007 2rdacontentaTeks 2rdamediaaTanpa Perantara 2rdacarrieraVolume 4aPerbankan Syariah aEditor,Luthfi Yansyah El SanusyePengarang aPUPAD260516 0  aBibliografi, hlm 169 aProfil Penulis, hlm 190 a1262.9/H-2010 a12627/H/KAPD/PDG/2010 a12628/H/KAPD/PDG/2010 a12629/H/KAPD/PDG/2010